Crisis de insolvencia (Registro nro. 21411)

Detalles MARC
000 -LEADER
fixed length control field 00309 a2200109 4500
001 - CONTROL NUMBER
control field ART_52133
005 - DATE AND TIME OF LATEST TRANSACTION
control field 20260410161810.0
008 - FIXED-LENGTH DATA ELEMENTS--GENERAL INFORMATION
fixed length control field 260409a
100 1# - MAIN ENTRY--PERSONAL NAME
Personal name Dasso, Ariel G.
245 10 - TITLE STATEMENT
Title Crisis de insolvencia
773 0# - HOST ITEM ENTRY
Title Doctrina Societaria y Concursal
Related parts - N° 398 (ene. 2021)
Record control number REV4298

No hay ítems disponibles.